Detalles MARC
| 000 -CABECERA |
| campo de control de longitud fija |
01040cam a2200265 a 4500 |
| 001 - NÚMERO DE CONTROL |
| campo de control |
000003793 |
| 005 - FECHA Y HORA DE LA ÚLTIMA TRANSACCIÓN |
| campo de control |
20200929150554.0 |
| 008 - DATOS DE LONGITUD FIJA--INFORMACIÓN GENERAL |
| campo de control de longitud fija |
810313s1986 ag b 001 f spa |
| 020 ## - NÚMERO INTERNACIONAL ESTÁNDAR DEL LIBRO |
| Número Internacional Estándar del Libro |
9509097594 |
| 040 ## - FUENTE DE LA CATALOGACIÓN |
| Centro catalogador/agencia de origen |
DO-SdBNP |
| Lengua de catalogación |
spa |
| Centro/agencia transcriptor |
BNPHU |
| 041 17 - CÓDIGO DE LENGUA |
| Código de lengua del texto/banda sonora o título independiente |
Spa |
| Código de lengua original |
Eng |
| 082 ## - NÚMERO DE LA CLASIFICACIÓN DECIMAL DEWEY |
| Número de clasificación |
813.54 |
| Número de documento/Ítem |
R845P |
| 100 1# - ENTRADA PRINCIPAL--NOMBRE DE PERSONA |
| Nombre de persona |
Paterson, Judith Hillman, |
| Fechas asociadas al nombre |
1936- |
| 9 (RLIN) |
11523 |
| 240 10 - TÍTULO UNIFORME |
| Título uniforme |
Philip Roth. |
| Lenguaje de la obra |
Español. |
| 245 10 - MENCIÓN DE TÍTULO |
| Título |
Philip Roth o el placer de escribir : |
| Resto del título |
un novelista entre el "mundo escrito" y el "mundo real" / |
| Mención de responsabilidad, etc. |
Judith Paterson Jones y Guinevera A. Nance ; traducción, Aníbal Leal. |
| 260 ## - PUBLICACIÓN, DISTRIBUCIÓN, ETC. |
| Lugar de publicación, distribución, etc. |
Buenos Aires : |
| Nombre del editor, distribuidor, etc. |
Fraterna, |
| Fecha de publicación, distribución, etc. |
1986. |
| 300 ## - DESCRIPCIÓN FÍSICA |
| Extensión |
179 p. ; |
| Dimensiones |
20 cm. |
| 504 ## - NOTA DE BIBLIOGRAFÍA, ETC. |
| Nota de bibliografía, etc. |
Bibliografías: p. 175-178. |
| 534 ## - NOTA SOBRE LA VERSIÓN ORIGINAL |
| Encabezamiento principal del original |
Título original: |
| Mención de título del original |
Philip Roth. |
| 600 10 - PUNTO DE ACCESO ADICIONAL DE MATERIA--NOMBRE DE PERSONA |
| Nombre de persona |
ROTH, PHILIP |
| Fechas asociadas al nombre |
1933- |
| Subdivisión general |
CRÍTICA E INTERPRETACIÓN. |
| 9 (RLIN) |
11524 |
| 650 #4 - PUNTO DE ACCESO ADICIONAL DE MATERIA--TÉRMINO DE MATERIA |
| Término de materia o nombre geográfico como elemento de entrada |
Novela estadounidense |
| Subdivisión general |
Crítica e interpretación |
| 9 (RLIN) |
11525 |
| 650 #4 - PUNTO DE ACCESO ADICIONAL DE MATERIA--TÉRMINO DE MATERIA |
| Término de materia o nombre geográfico como elemento de entrada |
Literatura estadounidense |
| Subdivisión general |
Crítica e interpretación |
| 9 (RLIN) |
11526 |
| 700 1# - PUNTO DE ACCESO ADICIONAL--NOMBRE DE PERSONA |
| Nombre de persona |
Nance, Guinevera A., |
| 9 (RLIN) |
11527 |
| 700 1# - PUNTO DE ACCESO ADICIONAL--NOMBRE DE PERSONA |
| Nombre de persona |
Leal, Aníbal, |
| Término indicativo de función/relación |
tr. |
| 9 (RLIN) |
4573 |